000 00456nmm a2200157Ia 4500
008 251105s9999||||xx |||||||||||||||||und||
020 _a9788499482736
041 _aspa
100 _aGarcía, Javier
245 0 _aLas leyes de la verdad I
264 _a[Madrid, España] :
_bEditorial Club Universitario: ECU,
_c2011
300 _a272 páginas
650 _aSpanish narrative
856 _uhttps://public.digitaliapublishing.com/a/173471
942 _cCF
999 _c92930
_d92930